| 000 | 00653nam a22002417a 4500 | ||
|---|---|---|---|
| 003 | UA-OsUOA | ||
| 001 | 23864 | ||
| 007 | ta | ||
| 008 | 20040130b un ||||| |||| 00| 0 ukr d | ||
| 100 | _aЧерняк Е.Б. | ||
| 090 |
_a32(091) _bЧ-49 |
||
| 942 | _cBK | ||
| 040 |
_aUA-OsUOA _brus _cUA-OsUOA _dUA-OsUOA |
||
| 245 | _aСудьи и заговорщики: Из истории политических процессов на Западе | ||
| 300 |
_a302 с. _bІлюстрації |
||
| 955 | _a0 | ||
| 041 | _arus | ||
| 080 | _a32(091) | ||
| 260 |
_aМосква _bМысль _c1984 |
||
| 044 | _aRU | ||
| 650 | 7 | _2UDC | |
| 999 |
_c310124 _d310124 |
||